Obras inmortales

Saved in:
Bibliografiske detaljer
Hovedforfatter: Flaubert, Gustave (Author)
Format: Bog
Sprog:spansk
Udgivet: Madrid Edaf 1971
Fag:
Tags: Tilføj Tag
Ingen Tags, Vær først til at tagge denne postø!

MARC

LEADER 00000nam a2200000 a 4500
001 UCX7222
003 CL-VaPUC
008 931201e19710000SP |||||||||||||||||spa|d
082 0 4 |a 843  |b FLA  |2 21 
100 0 |a Flaubert, Gustave  |e author  |9 316219 
245 1 0 |a Obras inmortales 
246 1 3 |a La educación sentimental 
246 1 0 |a Madame Bovary 
246 1 0 |a Salambó 
246 1 4 |a Las tentaciones de San Antonio 
246 1 3 |a Un corazón sencillo 
246 1 3 |a La leyenda de San Julián el hospitalario 
246 1 0 |a Herodías 
300 |a 1454 p 
942 |c BK 
945 |d 19931201 00:00:00  |a rbrito 
260 |a Madrid  |b Edaf  |c 1971 
650 0 |a Novela francesa  |9 264985 
650 7 |a DRAMAS FRANCESES  |2 CL-VaPUC  |9 267189 
583 |a last modification  |c 19931201 00:00:00  |k Rodrigo Vera 
999 |c 227099  |d 227097 
952 |0 0  |1 0  |4 0  |6 843_000000000000000_FLA_1971  |7 0  |8 R  |9 225889  |a BIBEDU  |b BIBEDU  |c MCIRC  |d 2019-11-15  |i 2949695  |l 1  |o 843 FLA 1971  |p 2949695  |r 2024-06-12  |s 2024-06-12  |w 2019-11-15  |y BK_R  |k LIT